000 00803nam a2200241 4500
003 DO-SdBPM
005 20250314103129.0
008 161207b2011 p 00| 0 spa d
020 _a9786124063466
040 _aDO-SdBPM
_bspa
_cBPMSU
082 4 _a853.92
_bS897b 2011
_222
100 1 _aStraparalo, Giovanni
_d
245 1 3 _a La bella y la bestia /
_cGiovanni Straparalo ; ilustración Gerson Jara Morales
260 _aLima, Perú :
_bEducativa,
_c2011
300 _3[10 páginas ] :
_bils. ;
_c27 cm
490 0 _aPintacuentos pintando mis personajes
590 _aInventariado, 2025/VM
650 4 _aCuentos infantiles italianos
650 4 _aLibros ilustrados para niños
_x
700 1 _aJara Morales, Gerson
_eilustración
910 _aVMateo V. Control de calidad BPMSU
942 _2ddc
_cBK
999 _c15004
_d15004